The Purgatorio: (Record no. 3199)

MARC details
000 -LEADER
fixed length control field 00471cam a2200133 4500
001 - CONTROL NUMBER
control field 3920
010 ## - LIBRARY OF CONGRESS CONTROL NUMBER
LC control number 61018103
100 0# - MAIN ENTRY--PERSONAL NAME
Personal name Dante Alighieri,
Dates associated with a name 1265-1321.
245 14 - TITLE STATEMENT
Title The Purgatorio:
Remainder of title a verse translation for the modern reader /
Statement of responsibility, etc. John Ciardi; introduction by Archibald T. MacAllister.
260 ## - PUBLICATION, DISTRIBUTION, ETC.
Place of publication, distribution, etc. [New York] :
Name of publisher, distributor, etc. New American Library,
Date of publication, distribution, etc. [1961]
300 ## - PHYSICAL DESCRIPTION
Extent xxix, 350 p. :
Dimensions 19 cm.
650 ## - SUBJECT ADDED ENTRY--TOPICAL TERM
Topical term or geographic name entry element Purgatory --Poetry.
Form subdivision
General subdivision
Chronological subdivision
Geographic subdivision
Source of heading or term
700 1# - ADDED ENTRY--PERSONAL NAME
Personal name Ciardi, John,
Dates associated with a name 1916-1986,
Relator term trans.
Holdings
Withdrawn status Lost status Source of classification or shelving scheme Damaged status Not for loan Collection code Home library Current library Shelving location Date acquired Serial Enumeration / chronology Inventory number Total Checkouts Full call number Barcode Date last seen Date last checked out Price effective from Koha item type
    Dewey Decimal Classification     Main TEST RTC Library RTC Library Main opac 27/11/2018 6605 1 851 DAN 30006340 26/04/2023 21/04/2023 27/11/2018 Main
Royal Thimphu College || All Right Reserved